| 000 | 00313nam a2200121Ia 4500 | ||
|---|---|---|---|
| 008 | 230907s9999||||xx |||||||||||||| ||und|| | ||
| 082 |
_a621.67 _bGUL |
||
| 100 |
_aGülich, Johann F. _9115522 |
||
| 245 | 0 | _aCentrifugal pumps / | |
| 300 | _a1116 pages : | ||
| 650 |
_aHandbooks, manuals, etc. _911475 |
||
| 942 | _cBK | ||
| 999 |
_c598671 _d598671 |
||